000 00837pam a2200241 a 4500
001 1198168
005 20241031151204.0
008 980421s1999 mauab b 001 0 eng
020 _a0256261466 (pbk. : alk. paper)
050 0 0 _aQA76.5
_b.W5332 1999
082 0 0 _a004
_221
100 1 _aWilliams, Brian K.,
_d1938-
245 1 0 _aUsing information technology :
_ba practical introduction to computers & communications /
_cBrian K. Williams, Stacey C. Sawyer, Sarah E. Hutchinson.
250 _a3rd ed.
260 _aBoston :
_bIrwin/McGraw-Hill,
_cc1999.
300 _axxx, 610 p. :
_bill. (some col.), col. maps ;
_c28 cm.
650 0 _aComputers.
650 0 _aTelecommunication systems.
650 0 _aInformation technology.
700 1 _aSawyer, Stacey C.
700 1 _aClifford, Sarah Hutchinson.
942 _2lcc
_cBK
_e3rd Ed.
_n0
999 _c473
_d473